01043 2200337 4500001002100000005001500021035002000036007000300056008004100059020002200100040002200122082001400144084001600158090002000174090002200194100003200216245009800248250003400346300004700380650002500427700003100452700002900483850001200512504003100524264003200555336002100587337003000608338002300638999002200661990002200683INLIS00000000085930120210428114544 a0010-0421001206ta210428t2021 yoia g ind d a978-623-02-2171-2 aYOPDYOGbindcrda04223a658.3 a658.3 LUI m aDEP 658.3 LUI m aCB-D.11 2021-00960 aLuis MarnisahcHj.epenulis10aManajemen analisis jabatan /cpenulis, Luis Marnisah, Fakhry Zamzam; penyunting, Havis Aravik aCetakan pertama: Januari 2021 ax, 98 halaman :bilustrasi, tabel ;c25 cm 4aPegawai--xManajemen0 aFakhry ZamzamcH.epenulis0 aHavis Aravikepenyunting aYOPDYOG aBibliografi: halaman 94-9831aSleman :bDeepublish,c2021 2rdacontentateks 2rdamediaatanpa perantara 2rdacarrieravolume aCB-D.11/2021-0096 aCB-D.11/2021-0096